The Economics of Project Analysis: A Practioner's Guide (Record no. 5786)

MARC details
005 - DATE AND TIME OF LATEST TRANSACTION
control field 20250628044511.0
020 ## - INTERNATIONAL STANDARD BOOK NUMBER
International Standard Book Number 0-8213-1751-2
082 ## - DEWEY DECIMAL CLASSIFICATION NUMBER
Classification number 338.91 WAR
100 ## - MAIN ENTRY--PERSONAL NAME
Author name WARD,W.A.
245 ## - TITLE STATEMENT
Title The Economics of Project Analysis: A Practioner's Guide
260 ## - PUBLICATION, DISTRIBUTION, ETC.
Place of publication, distribution, etc. Washington DC,
Name of publisher, distributor, etc. The International Bank for Reconstruction and Development/The World Bank,
Date of publication, distribution, etc. 1991.
300 ## - PHYSICAL DESCRIPTION
Extent xi,318p.
Other physical details Bibliography and Index
Dimensions 28cm
700 ## - ADDED ENTRY--PERSONAL NAME
Other authors/Editors Deren,Barry J.
700 ## - ADDED ENTRY--PERSONAL NAME
Other authors/Editors D'Silva,Emmanuel H.
942 ## - ADDED ENTRY ELEMENTS (KOHA)
Source of classification or shelving scheme Dewey Decimal Classification
Koha item type Books
Holdings
Date last seen Total checkouts Full call number Barcode Cost, replacement price Price effective from Koha item type Lost status Source of classification or shelving scheme Damaged status Not for loan Withdrawn status Home library Current library Shelving location Date acquired Source of acquisition Cost, normal purchase price
06/28/2025   338.91 WAR MZA0002496 261600.00 06/27/2025 Books   Dewey Decimal Classification       CBE Mwanza CBE Mwanza General Collection 07/16/2007 Library Budget 87200.00
06/28/2025   338.91 WAR MZA0002497 261600.00 06/27/2025 Books   Dewey Decimal Classification       CBE Mwanza CBE Mwanza General Collection 07/16/2007 Library Budget 87200.00
06/28/2025   338.91 WAR MZA0002498 261600.00 06/27/2025 Books   Dewey Decimal Classification       CBE Mwanza CBE Mwanza General Collection 07/16/2007 Library Budget 87200.00
06/28/2025   338.91 WAR MZA0002499 261600.00 06/27/2025 Books   Dewey Decimal Classification       CBE Mwanza CBE Mwanza General Collection 07/16/2007 Library Budget 87200.00
06/28/2025   338.91 WAR MZA0002500 261600.00 06/27/2025 Books   Dewey Decimal Classification       CBE Mwanza CBE Mwanza General Collection 07/16/2007 Library Budget 87200.00